[Event "RUS-ch Seniors (Women)"]
[Site "Odintsovo"]
[Date "2011.04.26"]
[Round "8"]
[White "Lunkina, Yulia"]
[Black "Pankina, Larisa"]
[Result "1/2-1/2"]
[WhiteElo "1941"]
[BlackElo "1979"]
[PlyCount "76"]
[EventDate "2011.04.19"]
[EventType "swiss"]
[EventRounds "9"]
[EventCountry "RUS"]
[SourceTitle "CBM 142 Extra"]
[Source "ChessBase"]
[SourceDate "2011.06.27"]
[SourceVersion "1"]
[SourceVersionDate "2011.06.27"]
[SourceQuality "1"]

1. e4 c6 2. d4 d5 3. exd5 cxd5 4. Nc3 Nf6 5. Nf3 Nc6 6. h3 Bf5 7. a3 e6 8. Bf4 a6 9. Nh4 Bg6 10. Be2 Ne4 11. Nxg6 Nxc3 12. bxc3 hxg6 13. Qd3 Na5 14. Qg3 Rc8 15. 0-0 Qh4 16. Qe3 Nc4 17. Bxc4 Rxc4 18. Bg5 Qe4 19. Qxe4 dxe4 20. Bd2 b5 21. Rfe1 Rh4 22. Kh2 Bd6+ 23. g3 f5 24. Kg2 Rh8 25. h4 Ra4 26. Bc1 Kd7 27. Kh3 Rc8 28. Bb2 Re8 29. g4 Bf4 30. Rg1 g5 31. gxf5 exf5 32. hxg5 Rh8+ 33. Kg2 Bxg5 34. Kf1 Bf6 35. Ke2 Ke6 36. Rh1 Rc8 37. Rac1 Rac4 38. Ba1 Ra4 1/2-1/2

[Event "RUS-ch Seniors (Women)"]
[Site "Odintsovo"]
[Date "2011.04.24"]
[Round "6"]
[White "Lunkina, Yulia"]
[Black "Shmyreva, Tatiana"]
[Result "1-0"]
[WhiteElo "1941"]
[BlackElo "1776"]
[PlyCount "61"]
[EventDate "2011.04.19"]
[EventType "swiss"]
[EventRounds "9"]
[EventCountry "RUS"]
[SourceTitle "CBM 142 Extra"]
[Source "ChessBase"]
[SourceDate "2011.06.27"]
[SourceVersion "1"]
[SourceVersionDate "2011.06.27"]
[SourceQuality "1"]

1. e4 e5 2. Nf3 Nc6 3. d4 exd4 4. Nxd4 Bc5 5. Be3 d6 6. Nxc6 bxc6 7. Bxc5 dxc5 8. Qxd8+ Kxd8 9. Nc3 Be6 10. 0-0-0+ Ke7 11. Na4 c4 12. Nc5 c3 13. b3 Nf6 14. f3 Rhd8 15. Ba6 Rxd1+ 16. Rxd1 Rd8 17. Rd3 Rxd3 18. cxd3 Nd7 19. d4 Nb8 20. Bb7 a5 21. Kc2 f6 22. Kxc3 Kd6 23. h3 Bf7 24. f4 Nd7 25. Nd3 Nb6 26. f5 g6 27. e5+ fxe5 28. dxe5+ Kd5 29. e6 Ke4 30. e7 Be8 31. g4 1-0

[Event "RUS-ch Seniors (Women)"]
[Site "Odintsovo"]
[Date "2011.04.20"]
[Round "2"]
[White "Lunkina, Yulia"]
[Black "Churusova, Yekaterina"]
[Result "1-0"]
[WhiteElo "1941"]
[BlackElo "1733"]
[PlyCount "51"]
[EventDate "2011.04.19"]
[EventType "swiss"]
[EventRounds "9"]
[EventCountry "RUS"]
[SourceTitle "CBM 142 Extra"]
[Source "ChessBase"]
[SourceDate "2011.06.27"]
[SourceVersion "1"]
[SourceVersionDate "2011.06.27"]
[SourceQuality "1"]

1. e4 e5 2. Nf3 Nc6 3. d4 exd4 4. Nxd4 Nce7 5. Bg5 h6 6. Bh4 g6 7. Nc3 c6 8. Bc4 d5 9. exd5 g5 10. Bg3 Bg7 11. d6 Nf5 12. Nxf5 Bxf5 13. Qe2+ Kf8 14. 0-0 Qd7 15. Rfe1 Re8 16. Qd2 Nf6 17. Rxe8+ Nxe8 18. Re1 Bf6 19. Ne4 Bd8 20. Nc5 Ba5 21. Nxd7+ Bxd7 22. Qxa5 Be6 23. Qd8 Kg7 24. Bxe6 fxe6 25. Rxe6 Kf7 26. Qe7+ 1-0

[Event "RUS-ch Seniors (Women)"]
[Site "Lesnoj Gorodok"]
[Date "2009.10.10"]
[Round "8"]
[White "Milashevskaja, Valentina"]
[Black "Lunkina, Yulia"]
[Result "1-0"]
[WhiteElo "1835"]
[BlackElo "1969"]
[PlyCount "87"]
[EventDate "2009.10.03"]
[EventType "swiss"]
[EventRounds "9"]
[EventCountry "RUS"]
[SourceTitle "CBM 132 Extra"]
[Source "ChessBase"]
[SourceDate "2009.11.03"]
[SourceVersion "1"]
[SourceVersionDate "2009.11.03"]
[SourceQuality "1"]

1. e4 c5 2. Nf3 a6 3. d4 cxd4 4. Nxd4 g6 5. c4 Bg7 6. Nc3 e6 7. Be2 Ne7 8. 0-0 0-0 9. Be3 Nbc6 10. Nxc6 Nxc6 11. a3 Qc7 12. Rc1 f5 13. exf5 Rxf5 14. Qd2 Be5 15. f4 Bg7 16. Ne4 d5 17. Ng3 Rf6 18. cxd5 exd5 19. Qxd5+ Be6 20. Qc5 Bf8 21. Qc3 Be7 22. Ne4 Rff8 23. b4 Bd5 24. Bc4 Bxc4 25. Qxc4+ Kg7 26. Qc3+ Kg8 27. Qb3+ Kg7 28. Qb2+ Kg8 29. Rc2 Qd7 30. Nc5 Qc8 31. Qb3+ Rf7 32. Ne6 Bf6 33. Ng5 Bxg5 34. fxg5 Qe8 35. Bb6 Kg7 36. Qc3+ Kg8 37. Rcf2 Rxf2 38. Rxf2 Qe5 39. Qf3 Qxg5 40. Qf7+ Kh8 41. Qxb7 Re8 42. Qxc6 Re1+ 43. Rf1 Qe5 44. Qc8+ 1-0

[Event "RUS-ch Seniors (Women)"]
[Site "Odintsovo"]
[Date "2008.10.08"]
[Round "6"]
[White "Katzkova, Olga"]
[Black "Lunkina, Yulia"]
[Result "1-0"]
[WhiteElo "2067"]
[BlackElo "1968"]
[PlyCount "59"]
[EventDate "2008.10.02"]
[EventType "swiss"]
[EventRounds "9"]
[EventCountry "RUS"]
[SourceTitle "CBM 127 Extra"]
[Source "ChessBase"]
[SourceDate "2009.01.08"]
[SourceVersion "2"]
[SourceVersionDate "2009.01.28"]
[SourceQuality "1"]

1. e4 c5 2. Nf3 Nc6 3. d4 cxd4 4. Nxd4 g6 5. c4 Bg7 6. Be3 d6 7. Be2 Nf6 8. Nc3 0-0 9. 0-0 a6 10. Rc1 h5 11. f3 Bd7 12. Qd2 Kh7 13. Rfd1 Qa5 14. Nb3 Qd8 15. Nd5 Nxd5 16. cxd5 Na7 17. Nd4 Nb5 18. Bxb5 axb5 19. a3 Rc8 20. Qb4 Qb6 21. Nf5 Qa6 22. Nxg7 Kxg7 23. Bd4+ Kh7 24. b3 Rfe8 25. Be3 f5 26. exf5 Bxf5 27. Qf4 Qxa3 28. Qh6+ Kg8 29. Bd4 e5 30. dxe6 1-0

[Event "RUS-ch Seniors (Women)"]
[Site "Odintsovo"]
[Date "2008.10.07"]
[Round "5"]
[White "Lunkina, Yulia"]
[Black "Malkova, Nadezhda"]
[Result "1-0"]
[WhiteElo "1968"]
[BlackElo "2037"]
[PlyCount "95"]
[EventDate "2008.10.02"]
[EventType "swiss"]
[EventRounds "9"]
[EventCountry "RUS"]
[SourceTitle "CBM 127 Extra"]
[Source "ChessBase"]
[SourceDate "2009.01.08"]
[SourceVersion "2"]
[SourceVersionDate "2009.01.28"]
[SourceQuality "1"]

1. e4 e6 2. d4 d5 3. exd5 exd5 4. Nc3 Nf6 5. Nf3 Be7 6. Bb5+ c6 7. Bd3 Bg4 8. h3 Bh5 9. Bf4 Nbd7 10. Qe2 0-0 11. g4 Bg6 12. 0-0-0 Re8 13. Qd2 b5 14. Bxg6 hxg6 15. g5 Nh5 16. h4 Qa5 17. Kb1 Bb4 18. Be3 Nb6 19. Qd3 Bxc3 20. Qxc3 Qxc3 21. bxc3 Nc4 22. Rde1 Re6 23. Nd2 Rxe3 24. Rxe3 Nxd2+ 25. Kc1 Ne4 26. f3 Neg3 27. Rhe1 Nf5 28. Re8+ Rxe8 29. Rxe8+ Kh7 30. Rf8 f6 31. gxf6 gxf6 32. Kd2 a5 33. Rc8 Nxh4 34. Ke2 Nf4+ 35. Kf2 Nf5 36. Rxc6 Kg7 37. Rb6 b4 38. cxb4 axb4 39. Rxb4 Ne6 40. c3 Nf4 41. Rb6 Nd3+ 42. Kg2 Ne3+ 43. Kh3 f5 44. a4 Kh6 45. a5 Nc4 46. Rb5 Kg5 47. a6 Ne3 48. a7 1-0

[Event "RUS-ch Seniors (Women)"]
[Site "Zvenigorod"]
[Date "2005.11.30"]
[Round "3"]
[White "Lunkina, Yulia"]
[Black "Shushpanova, Nina Aleksandro"]
[Result "0-1"]
[WhiteElo "1980"]
[BlackElo "2077"]
[PlyCount "81"]
[EventDate "2005.11.28"]
[EventType "swiss"]
[EventRounds "7"]
[EventCountry "RUS"]
[SourceTitle "EXT 2007"]
[Source "ChessBase"]
[SourceDate "2006.11.23"]
[SourceVersion "1"]
[SourceVersionDate "2006.11.23"]
[SourceQuality "1"]

1. e4 c5 2. Nf3 e6 3. Nc3 Nc6 4. d4 cxd4 5. Nxd4 Nf6 6. Nxc6 bxc6 7. e5 Nd5 8. Nxd5 cxd5 9. Bd3 Ba6 10. 0-0 Bxd3 11. Qxd3 Qc7 12. Re1 Rc8 13. c3 g6 14. Bg5 Bg7 15. Bf6 0-0 16. Re3 Qc4 17. Qd1 Rfe8 18. b3 Qc5 19. h4 d6 20. Bxg7 Kxg7 21. exd6 Red8 22. Qg4 h5 23. Qf4 Rxd6 24. Rf3 Rd7 25. Rd1 Qe7 26. Rg3 Rdc7 27. Rdd3 Qf6 28. Qxf6+ Kxf6 29. Kf1 Rc5 30. Ke2 e5 31. Kd2 Ke6 32. Rge3 a5 33. a4 f6 34. f4 e4 35. Rd4 Kf5 36. g3 Ke6 37. b4 Rc4 38. b5 Rxd4+ 39. cxd4 Rc4 40. Rc3 Rxd4+ 41. Ke3 0-1

[Event "RUS-ch Seniors (Women)"]
[Site "Zvenigorod"]
[Date "2005.11.28"]
[Round "1"]
[White "Lunkina, Yulia"]
[Black "Beliaeva, Natalia"]
[Result "1-0"]
[WhiteElo "1980"]
[BlackElo "2111"]
[PlyCount "37"]
[EventDate "2005.11.28"]
[EventType "swiss"]
[EventRounds "7"]
[EventCountry "RUS"]
[SourceTitle "EXT 2007"]
[Source "ChessBase"]
[SourceDate "2006.11.23"]
[SourceVersion "1"]
[SourceVersionDate "2006.11.23"]
[SourceQuality "1"]

1. e4 c5 2. Nf3 d6 3. Nc3 Nf6 4. Bb5+ Bd7 5. Bxd7+ Qxd7 6. 0-0 g6 7. e5 dxe5 8. Nxe5 Qd4 9. Re1 Na6 10. Nb5 Qd8 11. Qf3 Qd5 12. Qe2 e6 13. c4 Qd8 14. d3 Bg7 15. Nxf7 Kxf7 16. Qxe6+ Kf8 17. Bf4 Ne8 18. Bd6+ Nxd6 19. Nxd6 1-0

[Event "RUS-ch Seniors (Women)"]
[Site "Tula"]
[Date "2004.05.??"]
[Round "1"]
[White "Kalashnikova, Larisa"]
[Black "Lunkina, Yulia"]
[Result "1/2-1/2"]
[WhiteElo "2093"]
[BlackElo "1987"]
[PlyCount "89"]
[EventDate "2004.05.??"]
[EventType "swiss"]
[EventRounds "8"]
[EventCountry "RUS"]
[SourceTitle "EXT 2005"]
[Source "ChessBase"]
[SourceDate "2004.11.15"]
[SourceVersion "1"]
[SourceVersionDate "2004.11.15"]
[SourceQuality "1"]

1. d4 Nf6 2. Bg5 d5 3. Nf3 Nc6 4. e3 Bg4 5. h3 Bf5 6. c3 Ne4 7. Bf4 h6 8. Bb5 Bd7 9. Nbd2 Nd6 10. Bd3 a6 11. e4 dxe4 12. Nxe4 g5 13. Be5 Nxe5 14. Nxe5 Bg7 15. 0-0 Nxe4 16. Bxe4 c6 17. Nc4 Be6 18. Qe2 0-0 19. a4 Qc7 20. a5 Rad8 21. Rfe1 Qf4 22. Bd3 Rfe8 23. Ne5 Bxe5 24. Qxe5 Qxe5 25. Rxe5 Rd5 26. Rxd5 Bxd5 27. Re1 f6 28. f3 Kf7 29. Kf2 Rd8 30. Re3 Rd6 31. b4 Be6 32. Re1 f5 33. g3 h5 34. f4 gxf4 35. gxf4 h4 36. Rg1 Bd7 37. Rg5 Rg6 38. Rxg6 Kxg6 39. c4 Kf6 40. Ke3 Ke6 41. Be2 Kd6 42. Bf3 e6 43. Kd3 Bc8 44. Kc3 Bd7 45. b5 1/2-1/2